Deutsche One-Hit-Wonder der 80er - Statistiken

Allgemein
  • Dieses Quiz wurde 102 mal gespielt
  • Das Durchschnittsergebnis liegt bei 5 aus 20
Antwortstatistiken
Lied Interpret % Korrekt
Dein ist mein ganzes Herz Heinz Rudolf Kunze
76%
Axel F Harold Faltermeyer
59%
Neue Männer braucht das Land Ina Deter
43%
Der Knutschfleck Ixi
37%
Ich liebe dich Clowns & Helden
33%
Die Hesse komme Rodgau Monotones
30%
Weil i di mog Relax
28%
Computerliebe (Die Module spielen verrückt) Paso Doble
26%
Katharine, Katharine Steinwolke
25%
Die Sennerin vom Königsee Kiz
24%
Blueprint Rainbirds
23%
Fred vom Jupiter Die Doraus & die Marinas
22%
Karl der Käfer Gänsehaut
21%
Ein Jahr (Es geht voran) Fehlfarben
17%
Am weißen Strand von Helgoland Niko
13%
Patrona Bavariae Original Naabtal Duo
11%
Die Glocken von Rom Heike Schäfer
10%
Taxi Jawoll
8%
Pogo in Togo United Balls
8%
Ich bin viel zu bescheiden Peter Petrel
5%
Keine übereinstimmenden Quizze gefunden
Verteilung der Resultate
Anzahl Personen mit jedem Resultat
Perzentil nach korrekt beantworteten Fragen
Ihre Resultats-Entwicklung
Sie haben dieses Quiz noch nicht gespielt